Les meilleurs buteurs de l'histoire de la Lazio - Statistiques

Statistiques générales
  • Ce quiz a été pris 14 fois
  • Le résultat moyen est 2 sur 10
Statistiques - réponses
Buts Nationalité Joueur % Correct
190 Italie Ciro Immobile
100%
127 Italie Giuseppe Signori
15%
159 Italie Silvio Piola
15%
105 Italie Tommaso Rocchi
15%
65 Italie Dante Filippi
8%
122 Italie Giorgio Chinaglia
8%
78 Italie Aldo Puccinelli
0%
108 Italie Bruno Giordano
0%
73 Italie Fulvio Bernardini
0%
64 Italie Renzo Garlaschelli
0%
Aucun quiz correspondant
Distribution des résultats
% des personnes avec chaque résultat
Percentile par nombre de réponses
Votre historique - résultats
Vous n’avez pas pris ce quiz